| 000 | 01009cam a22002894a 4500 | ||
|---|---|---|---|
| 001 | 11958827 | ||
| 003 | NUST-PNEC | ||
| 005 | 20170116181015.0 | ||
| 008 | 000330s1999 caua 001 0 eng | ||
| 010 | _a 00689057 | ||
| 020 | _a0078821223 | ||
| 040 |
_aDLC _cLIBRARY |
||
| 042 | _apcc | ||
| 050 | 0 | 0 |
_aQA76.9.D3 _bA245 1999 |
| 082 | _a005.7565 ABB | ||
| 100 | 1 | _aAbbey, Michael. | |
| 245 | 1 | 0 |
_aOracle : A beginner's guide _cMichael Abbey |
| 260 |
_aBerkeley : _bOsborne McGraw-Hill, _cc.1995 |
||
| 300 |
_axxx, 765 p. : _bill. ; _c23 cm. |
||
| 500 | _aIncludes index. | ||
| 630 | 0 | 0 | _aOracle (Computer file) |
| 650 | _xMIS, Computer | ||
| 856 | 4 | 2 | _uhttp://www.amazon.com/Oracle8i-Beginners-Guide-Ian-Abramson/dp/0072122048/ref=sr_1_1?s=books&ie=UTF8&qid=1417296615&sr=1-1&keywords=0072122048 |
| 906 |
_a7 _bcbc _corignew _d2 _encip _f20 _gy-gencatlg |
||
| 942 |
_2ddc _cBK |
||
| 999 |
_c67234 _d67234 |
||